Jakubův cestovní deník. 2, Continental Divide Trail /
Cestovatelský deník autora o 4500 km dlouhém pochodu Continental Divide Trail po hřebeni Skalistých hor v USA až do Kanady.
Uloženo v:
| Série: | Jakubův cestovní deník,
část 2 |
|---|---|
| Hlavní autor: | |
| Médium: | E-kniha |
| Jazyk: | Czech |
| Vydáno: |
Praha :
XYZ,
2019
|
| Vydání: | 1. vydání |
| Témata: | |
| Příbuzné jednotky: | Z cyklu::
Jakubův cestovní deník |
| Tagy: |
Žádné tagy |
| LEADER | 02849nam a2200529 i 4500 | ||
|---|---|---|---|
| 001 | 311029 | ||
| 003 | CZ PrSKC | ||
| 005 | 20260601215658.0 | ||
| 007 | ta | ||
| 008 | 190429s2019 xr abc e 000 0 cze | ||
| 015 | |a cnb003093915 | ||
| 020 | |a 9788075973863 |q (brožováno) : |c Kč 349,00 | ||
| 035 | |a (OCoLC)1104146558 | ||
| 040 | |a OLA001 |b cze |d ABA001 |e rda | ||
| 043 | |a n-us--- | ||
| 072 | 7 | |a 913(7) |x Geografie Severní Ameriky, reálie, cestování |2 Konspekt | |
| 080 | |a 913:910.4 |2 MRF | ||
| 080 | |a 796.524 |2 MRF | ||
| 080 | |a (73-191.2) |2 MRF | ||
| 080 | |a (047.22) |2 MRF | ||
| 100 | 1 | |a Čech, Jakub, |d 1973- |7 xx0157829 |4 aut | |
| 245 | 1 | 0 | |a Jakubův cestovní deník. |n 2, |p Continental Divide Trail / |c Jakub Čech |
| 246 | 1 | |i Obálkový podnázev: |a Pěšky z Mexika do Kanady přes Skalisté hory | |
| 246 | 3 | 0 | |a Continental Divide Trail |
| 250 | |a 1. vydání | ||
| 264 | 1 | |a Praha : |b XYZ, |c 2019 | |
| 300 | |a 370 stran, 40 nečíslovaných stran obrazových příloh : |b ilustrace (převážně barevné), 1 mapa, portréty ; |c 19 cm | ||
| 336 | |a text |b txt |2 rdacontent | ||
| 337 | |a bez média |b n |2 rdamedia | ||
| 338 | |a svazek |b nc |2 rdacarrier | ||
| 500 | |a Terminologický slovník | ||
| 520 | 2 | |a Cestovatelský deník autora o 4500 km dlouhém pochodu Continental Divide Trail po hřebeni Skalistých hor v USA až do Kanady. |b Kniha popisuje nejen samotný průběh cesty, vnitřní pocity, emoce, radosti i nástrahy dlouhého trailu, ale také cestování po boku různých lidí, od kanadské parťačky až po mužské spolucestovatele i pocity ze "single" situací a to, jaké je to být na trailu pouze sám se sebou. Součástí knihy je i pár stránek, které shrnují turistickou výbavu a její kvalitu a efektivitu využití kus po kusu. | |
| 650 | 0 | 7 | |a cesty a pobyt |7 ph137578 |z Spojené státy americké |2 czenas |
| 650 | 0 | 7 | |a vysokohorská turistika |7 ph116646 |z Spojené státy americké |2 czenas |
| 650 | 0 | 9 | |a travels and stays |z United States |2 eczenas |
| 650 | 0 | 9 | |a alpine hiking |z United States |2 eczenas |
| 651 | 7 | |a Continental Divide National Scenic Trail (turistická trasa) |7 ge1037858 |2 czenas | |
| 651 | 9 | |a Continental Divide National Scenic Trail |2 eczenas | |
| 655 | 7 | |a cestovní deníky |7 fd891384 |2 czenas | |
| 655 | 9 | |a travel diaries |2 eczenas | |
| 787 | 0 | 8 | |i Z cyklu: |t Jakubův cestovní deník |g 2 |
| 900 | |a ABA001 |b 21 | ||
| 928 | 9 | |a Albatros Media - XYZ | |
| 044 | |a xr | ||
| 910 | |a RBIT002 | ||
| 998 | |d 184545 |a https://core.palmknihy.cz/api/books/184545/cover?pqrrig |b https://core.palmknihy.cz/api/books/184545/cover/400?pqrrig |c https://core.palmknihy.cz/api/books/184545/cover/50?pqrrig |e 2029-12-31 |g 416 |i 9788075973863 |k https://core.palmknihy.cz/api/books/184545/preview.pdf |l |q 49 |r 1 |s https://www.palmknihy.cz/kniha/184545 |t ebook |y 2019 |z 0 |v Jakubův cestovní deník |w 2 | ||
| 999 | |d 311027 | ||